Statistics for The Western Allies and the Axis Powers of World War Two

Click here to take the quiz!

General Stats

  • This quiz has been taken 39 times
  • The average score is 7 of 7

Answer Stats

HintAnswer% Correct
AxisGermany
100%
AlliedUnited States
100%
AxisItaly
97%
AxisJapan
97%
AlliedUnited Kingdom
97%
AlliedSoviet Union
92%
AlliedChina
67%

Score Distribution

Percentile by Number Answered

Percent of People with Each Score

Your Score History

You have not taken this quiz